| 000 | 01329 a2200229 4500 | ||
|---|---|---|---|
| 001 | 11410 | ||
| 003 | IN-BhIIT | ||
| 005 | 20260218164627.0 | ||
| 008 | 260218b |||||||| |||| 00| 0 eng d | ||
| 020 | _a9781107670341 (pbk.) | ||
| 040 | _aIN-BhIIT | ||
| 041 | _aeng | ||
| 082 |
_a530.078 _bBEV/S |
||
| 100 |
_a Bevan, Adrian _eAuthor _927283 |
||
| 245 |
_aStatistical data analysis for the physical sciences / _cAdrian Bevan |
||
| 260 |
_aNew York : _bCambridge university Press, _c2013. |
||
| 300 |
_axi, 220 p. : _bill. ; _c30 cm. |
||
| 504 | _aIncludes bibliographical references. and index. | ||
| 520 | _aData analysis lies at the heart of every experimental science. Providing a modern introduction to statistics, this book is ideal for undergraduates in physics. It introduces the necessary tools required to analyse data from experiments across a range of areas, making it a valuable resource for students. In addition to covering the basic topics, the book also takes in advanced and modern subjects, such as neural networks, decision trees, fitting techniques and issues concerning limit or interval setting. Worked examples and case studies illustrate the techniques presented, and end-of-chapter exercises help test the reader's understanding of the material. | ||
| 650 |
_aData Analysis _92965 |
||
| 942 |
_cAR _01 |
||
| 999 |
_c15322 _d15322 |
||